| 000 | 00896nam a2200253 a 4500 | ||
|---|---|---|---|
| 001 | 63799 | ||
| 003 | BD-RjUL | ||
| 005 | 20211209081232.0 | ||
| 008 | 170204s1983 Mos b 000 0 eng | ||
| 035 | _a(BD-RjUL)63929 | ||
| 040 |
_aDLC _cDLC _dBD-RjUL _beng |
||
| 041 | 1 | _aengrus | |
| 082 | 0 | 0 |
_a947.0841 _223 _bGIN 1983 |
| 100 | 1 |
_aGililov, S. S. _q(Solomon Samuilovich) _9176591 |
|
| 245 | 1 | 4 |
_aThe nationalities question : _bLenin's approach : theory and practice in the USSR / _cS. Gililov ; |
| 260 |
_aMoscow : _bProgress Publishers, _cc1983. |
||
| 300 |
_a189 p. ; _c17 cm. |
||
| 504 | _aIncludes bibliographical references. | ||
| 600 | 1 | 0 |
_aLenin, Vladimir Ilʹich, _d1870-1924. _9175638 |
| 650 | 0 |
_aNationalism and socialism _zSoviet Union. _9189391 |
|
| 856 | _3Library of political knowledge, bk. 14. | ||
| 942 |
_2ddc _cBK |
||
| 999 |
_c63799 _d63799 |
||